书目信息 |
| 题名: |
架子工
|
|
| 作者: | ;陕西省建筑工程局《架子工》编写组 编 | |
| 分册: | ||
| 出版信息: | 北京 中国建筑工业出版社 1973 |
|
| 页数: | 102页 | |
| 开本: | 19cm | |
| 丛书名: | 建筑工人技术学习丛书 | |
| 单 册: | ||
| 中图分类: | TU735 | |
| 科图分类: | ||
| 主题词: | 建筑工程-脚手架--施工 , 脚手架-建筑工程--施工 | |
| 电子资源: | ||
| ISBN: | ||
| 000 | 00839nam2 2200253 45 | |
| 001 | 0177002643 | |
| 005 | 20060515153739.98 | |
| 010 | @dCNY0.22 | |
| 100 | @a19951024d1973 em y0chiy0121 ea | |
| 101 | 0 | @achi |
| 102 | @aCN@b110000 | |
| 105 | @ay z 000yy | |
| 200 | 10 | @a架子工@Ajia zi gong@f陕西省建筑工程局《架子工》编写组编@Fshan xi sheng jian zhu gong cheng ju《jia zi gong》bian xie zu bian |
| 210 | @a北京@c中国建筑工业出版社@d1973 | |
| 215 | @a102页@d19cm | |
| 225 | 2 | @a建筑工人技术学习丛书 |
| 410 | 0 | @120010@a建筑工人技术学习丛书 |
| 606 | @a建筑工程-脚手架@x施工 | |
| 606 | @a脚手架-建筑工程@x施工 | |
| 690 | @aTU735@v4 | |
| 711 | 0 | @a陕西省建筑工程局《架子工》编写组@Ashan xi sheng jian zhu gong cheng ju《jia zi gong》bian xie zu@4编 |
| 801 | 2 | @aCN@bNLC@c20060515 |
| 801 | 0 | @aCN@bTSSF |
| 905 | @a10447@dTU735@e5 | |
| 架子工/陕西省建筑工程局《架子工》编写组编.-北京:中国建筑工业出版社,1973 |
| 102页;19cm.-(建筑工人技术学习丛书) |
| ISBN :CNY0.22 |
| ● |
| 相关链接 |
|
|
|
|
正题名:架子工
索取号:TU735/5
 
预约/预借
| 序号 | 登录号 | 条形码 | 馆藏地/架位号 | 状态 | 备注 |
| 1 | 0017376 | 001480436 | 密集书库/ [索取号:TU735/5] | 在馆 |